Statystyki dla Stolice państw świata

Kliknij tutaj aby rozwiązać quiz!

Ogólne statystyki

  • Ten quiz został rozwiązany 42 razy
  • Średni wynik to 10 z 13

Statystyki odpowiedzi

ZagadnienieOdpowiedź% Poprawnych
IndieNowe Delhi
97%
UrugwajMontevideo
92%
EtiopiaAddis Abeba
86%
TajlandiaBangkok
86%
AfganistanKabul
83%
JordaniaAmman
78%
PakistanIslamabad
75%
KambodżaPhnom penh
75%
MalediwyMalé
72%
OmanMaskat
72%
BoliwiaSucre
69%
MauretaniaNawakszut
67%
LesothoMaseru
50%

Rozkład punktacji

Percentyl według liczby udzielonych odpowiedzi

Procent ludzi z każdym wynikiem

Twoja historia wyników

Nie rozwiązałeś tego quizu